Los internacionalistas frente a la mundialización de la información (Record no. 115803)

MARC details
000 -LEADER
fixed length control field nam a22 7a 4500
005 - DATE AND TIME OF LATEST TRANSACTION
control field 20171003083726.0
008 - FIXED-LENGTH DATA ELEMENTS--GENERAL INFORMATION
fixed length control field 171003b mx ||||| |||| 00| 0 spa d
020 ## - INTERNATIONAL STANDARD BOOK NUMBER
International Standard Book Number 9707018976
050 04 - LIBRARY OF CONGRESS CALL NUMBER
Classification number KGF3015
Item number L48 2007
100 1# - MAIN ENTRY--PERSONAL NAME
Personal name Levy Vázquez, Carlos E.
245 14 - TITLE STATEMENT
Title Los internacionalistas frente a la mundialización de la información
Statement of responsibility, etc / Carlos E. Levy Vázquez
250 ## - EDITION STATEMENT
Edition statement 1a ed.
260 ## - PUBLICATION, DISTRIBUTION, ETC. (IMPRINT)
Place of publication, distribution, etc México :
Name of publisher, distributor, etc Miguel Ángel Porrúa:
-- Universidad Nacional Autónoma de México;
-- Facultad de Estudios Superiores Aragón,
Date of publication, distribution, etc 2007
300 ## - PHYSICAL DESCRIPTION
Extent 292 p. ;
Dimensions 21 cm.
504 ## - BIBLIOGRAPHY, ETC. NOTE
Bibliography, etc Bibliografía : p. 275-292
650 #7 - SUBJECT ADDED ENTRY--TOPICAL TERM
Source of heading or term lemb
Topical term or geographic name as entry element Libertad de información
Geographic subdivision México
650 #7 - SUBJECT ADDED ENTRY--TOPICAL TERM
Source of heading or term lemb
Topical term or geographic name as entry element Globalización
Geographic subdivision México
650 #7 - SUBJECT ADDED ENTRY--TOPICAL TERM
Source of heading or term lemb
Topical term or geographic name as entry element Libertad de prensa
Geographic subdivision México
650 #7 - SUBJECT ADDED ENTRY--TOPICAL TERM
Source of heading or term lemb
Topical term or geographic name as entry element Derecho constitucional
Geographic subdivision México
650 #7 - SUBJECT ADDED ENTRY--TOPICAL TERM
Source of heading or term lemb
Topical term or geographic name as entry element Derechos humanos
Geographic subdivision México
942 ## - ADDED ENTRY ELEMENTS (KOHA)
Source of classification or shelving scheme Biblioteca del Cogreso de los Estados Unidos
Koha item type Libro
Holdings
Estado de pérdida Fuente de clasificación Estado del daño No para préstamo Ubicación permanente Ubicación actual Apartado o colección Fecha de adquisición Fuente de adquisición Edición Área del conocimiento Clasificación Código de Barras Date last seen Número de copia Tipo de recurso
  Biblioteca del Cogreso de los Estados Unidos     Biblioteca Campus Lázaro Cardenas Biblioteca Campus Lázaro Cardenas General 29/01/2019 Donación 1a ed. Ciencias Sociales y Administrativas KGF3015 L48 2007 BCLC000001700 29/01/2019 1 Libro
  Biblioteca del Cogreso de los Estados Unidos     Biblioteca de la Unidad de Ciencias Ingeniería y Humanidades Biblioteca de la Unidad de Ciencias Ingeniería y Humanidades Colección "Miguel Ángel Porrúa" 03/10/2017 Donación 1a Ciencias Sociales y Administrativas KGF3015 L48 2007 BCU000001280 03/10/2017 1 Libro